Operations management : processes and supply chains / (Record no. 680)
| 000 -LEADER | |
|---|---|
| fixed length control field | 01320cam a2200277 a 4500 |
| 001 - CONTROL NUMBER | |
| control field | 15521133 |
| 003 - CONTROL NUMBER IDENTIFIER | |
| control field | OSt |
| 005 - DATE AND TIME OF LATEST TRANSACTION | |
| control field | 20140116120835.0 |
| 008 - FIXED-LENGTH DATA ELEMENTS--GENERAL INFORMATION | |
| fixed length control field | 081113s2010 njua b 001 0 eng |
| 020 ## - INTERNATIONAL STANDARD BOOK NUMBER | |
| International Standard Book Number | 9780132458917 |
| 040 ## - CATALOGING SOURCE | |
| Transcribing agency | DLC |
| 050 00 - LIBRARY OF CONGRESS CALL NUMBER | |
| Classification number | TS155.K73 2010 |
| 100 1# - MAIN ENTRY--PERSONAL NAME | |
| Personal name | Krajewski, Lee J. |
| 245 10 - TITLE STATEMENT | |
| Title | Operations management : processes and supply chains / |
| Statement of responsibility, etc | Lee J. Krajewski, Larry P. Ritzman, Manoj K. Malhotra. |
| 250 ## - EDITION STATEMENT | |
| Edition statement | 9th ed. |
| 260 ## - PUBLICATION, DISTRIBUTION, ETC. (IMPRINT) | |
| Place of publication, distribution, etc | Upper Saddle River, N.J. : |
| Name of publisher, distributor, etc | Pearson, |
| Date of publication, distribution, etc | 2010. |
| 300 ## - PHYSICAL DESCRIPTION | |
| Extent | 672 p. : |
| Other physical details | col. ill. |
| 504 ## - BIBLIOGRAPHY, ETC. NOTE | |
| Bibliography, etc | Includes bibliographical references and indexes. |
| 505 0# - FORMATTED CONTENTS NOTE | |
| Formatted contents note | Competing with operations -- Project management -- Process strategy -- Process analysis -- Quality and performance -- Capacity planning -- Constraint management -- Lean systems -- Supply chain design -- Supply chain integration -- Facility location -- Inventory management -- Forecasting -- Operations planning and scheduling -- Resource planning. |
| 650 #0 - SUBJECT ADDED ENTRY--TOPICAL TERM | |
| Topical term or geographic name as entry element | Production management. |
| 700 1# - ADDED ENTRY--PERSONAL NAME | |
| Personal name | Ritzman, Larry P. |
| 700 1# - ADDED ENTRY--PERSONAL NAME | |
| Personal name | Malhotra, Manoj K. |
| Fuller form of name | (Manoj Kumar), |
| Dates associated with a name | 1960- |
| 906 ## - LOCAL DATA ELEMENT F, LDF (RLIN) | |
| a | 7 |
| b | cbc |
| c | orignew |
| d | 1 |
| e | ecip |
| f | 20 |
| g | y-gencatlg |
| 942 ## - ADDED ENTRY ELEMENTS (KOHA) | |
| Source of classification or shelving scheme | |
| Koha item type | Book |
| Withdrawn status | Lost status | Source of classification or shelving scheme | Damaged status | Not for loan | Home library | Current library | Date acquired | Source of acquisition | Total Checkouts | Full call number | Barcode | Date last seen | Date checked out | Copy number | Price effective from | Koha item type | Total Renewals |
|---|---|---|---|---|---|---|---|---|---|---|---|---|---|---|---|---|---|
| Riara University Library | Riara University Library | 26/10/2011 | Purchase | 7 | TS155.K73 2010 | 1888/11 | 25/02/2016 | 17/02/2016 | C.1 | 26/10/2011 | Book | ||||||
| Riara University Library | Riara University Library | 26/10/2011 | Purchase | 2 | TS155.K73 2010 | 1889/11 | 12/03/2015 | 09/03/2015 | C.2 | 26/10/2011 | Book | ||||||
| Riara University Library | Riara University Library | 26/10/2011 | Purchase | 3 | TS155.K73 2010 | 2574/11 | 05/05/2014 | 01/04/2014 | C.3 | 26/10/2011 | Book | ||||||
| Riara University Library | Riara University Library | 26/10/2011 | Purchase | TS155.K73 2010 | 2572/11 | 26/10/2011 | C.4 | 26/10/2011 | Book | ||||||||
| Riara University Library | Riara University Library | 26/10/2011 | Purchase | 4 | TS155.K73 2010 | 2573/11 | 27/06/2016 | 09/06/2016 | C.5 | 26/10/2011 | Book | 1 | |||||
| Riara University Library | Riara University Library | 11/11/2011 | Purchase | 5 | TS155.K73 2010 | 1890/11 | 20/06/2019 | 28/05/2019 | C.6 | 11/11/2011 | Book |
